Logo BPK

Biblioteka

Politechniki Koszalińskiej

Procznost' relaksaciannye jawlenija w twerdych telach / (Rekord nr 28079)

Szczegóły MARC
000 -ETYKIETA REKORDU
podpole kontrolne o stałej długości 00425nam a2200157 i 4500
001 - NUMER KONTROLNY REKORDU
pole kontrolne bg
040 ## - ŹRÓDŁO KATALOGOWANIA
Instytucja, która utworzyła rekord BPK
041 ## - KOD JĘZYKA
Kod języka tekstu pol
008 - POLE O STAŁEJ DŁUGOŚCI - DANE KONTROLNE
podpole kontrolne o stałej długości s pl f |000 0 pol
100 1# - NAZWA OSOBOWA
Nazwa osobowa STEPANOW, W. A.
245 #0 - TYTUŁ/ODPOWIEDZIALNOŚĆ
Tytuł Procznost' relaksaciannye jawlenija w twerdych telach /
Pozostałe elementy strefy tytułu i oznaczenia odpowiedzialności W.A. Stepanow, N.M. Pescanskaja, Spejzman.
260 ## - STREFA ADRESU WYDAWNICZEGO
Miejsce wydania Leningrad,
Data publikacji, dystrybucji/powstania dokumentu 1984.
700 1# - HASŁO DODATKOWE - NAZWA OSOBOWA
Nazwa osobowa PESCANSKAJA, N. M.
700 1# - HASŁO DODATKOWE - NAZWA OSOBOWA
Nazwa osobowa SPEJZMAN,
942 ## - DODATKOWE ELEMENTY (KOHA)
Typ dokumentu Książka
Egzemplarze
Wycofany Status egzemplarza Uszkodzony Dostępność Lokalizacja stała Lokalizacja bieżąca Miejsce przechowywania Sygnatura Kod kreskowy Typ dokumentu
      Dostępny Biblioteka Politechniki Koszalińskiej Biblioteka Politechniki Koszalińskiej Wypożyczalnia BG 32464 01589047 Książka
© 2023 Biblioteka Politechniki Koszalińskiej :: KOHA